प्राचीन भारत की झाकियाँ / (Record no. 120224)
[ view plain ]
| 000 -LEADER | |
|---|---|
| fixed length control field | 01286nam a22003017a 4500 |
| 003 - CONTROL NUMBER IDENTIFIER | |
| control field | dpl |
| 005 - DATE AND TIME OF LATEST TRANSACTION | |
| control field | 20190406150435.0 |
| 008 - FIXED-LENGTH DATA ELEMENTS--GENERAL INFORMATION | |
| fixed length control field | 181214b ||||| |||| 00| 0 eng d |
| 010 ## - LIBRARY OF CONGRESS CONTROL NUMBER | |
| LC control number | B-071695 |
| 020 ## - INTERNATIONAL STANDARD BOOK NUMBER | |
| Terms of availability | 100.00 |
| International Standard Book Number | 8170435234 |
| 035 ## - SYSTEM CONTROL NUMBER | |
| System control number | B-071695 |
| 035 ## - SYSTEM CONTROL NUMBER | |
| System control number | B-141348, B-071704 |
| 037 ## - SOURCE OF ACQUISITION | |
| Source of stock number/acquisition | Cen Lib/Ret |
| 040 ## - CATALOGING SOURCE | |
| Original cataloging agency | DPL |
| Language of cataloging | HN |
| Transcribing agency | dpl |
| 082 ## - DEWEY DECIMAL CLASSIFICATION NUMBER | |
| Classification number | 954.01 |
| Item number | चन्द्राअ |
| 100 ## - MAIN ENTRY--PERSONAL NAME | |
| Personal name | चन्द्रा, अनिल |
| 9 (RLIN) | 89233 |
| 245 ## - TITLE STATEMENT | |
| Title | प्राचीन भारत की झाकियाँ / |
| Statement of responsibility, etc | अनिल चन्द्रा |
| 246 ## - VARYING FORM OF TITLE | |
| Title proper/short title | Prachin bharat ki jhakiyan / |
| Remainder of title | by Anil Chandra |
| 260 ## - PUBLICATION, DISTRIBUTION, ETC. (IMPRINT) | |
| Place of publication, distribution, etc | दिल्ली |
| Name of publisher, distributor, etc | आत्माराम एंड संस |
| Date of publication, distribution, etc | 2002 |
| 270 ## - ADDRESS | |
| Address | कश्मीरी गेट |
| City | दिल्ली |
| Postal code | 110006 |
| 300 ## - PHYSICAL DESCRIPTION | |
| Extent | 96पृ. : |
| Dimensions | 21सेमी(सजिल्द) |
| Other physical details | सचित्र |
| 500 ## - GENERAL NOTE | |
| General note | अनुक्रमणिका शामिल |
| 650 ## - SUBJECT ADDED ENTRY--TOPICAL TERM | |
| Topical term or geographic name as entry element | ऐतिहासिक संस्कृति और कला |
| 9 (RLIN) | 89234 |
| 650 ## - SUBJECT ADDED ENTRY--TOPICAL TERM | |
| Topical term or geographic name as entry element | भूमि और जलवायु--भारत |
| 9 (RLIN) | 83776 |
| 650 ## - SUBJECT ADDED ENTRY--TOPICAL TERM | |
| Topical term or geographic name as entry element | Historical Culture and Art |
| 9 (RLIN) | 89235 |
| 650 ## - SUBJECT ADDED ENTRY--TOPICAL TERM | |
| Topical term or geographic name as entry element | Land and climate--India |
| 9 (RLIN) | 89236 |
| 942 ## - ADDED ENTRY ELEMENTS (KOHA) | |
| Source of classification or shelving scheme | Dewey Decimal Classification |
| Koha item type | Hindi Books |
| Classification part | 954.01 |
| Call number suffix | चन्द्राअ |
| Withdrawn status | Lost status | Damaged status | Not for loan | Home library | Current library | Date acquired | Source of acquisition | Cost, normal purchase price | Total Checkouts | Full call number | Barcode | Date last seen | Copy number | Cost, replacement price | Price effective from | Koha item type | Date checked out | Source of classification or shelving scheme | Collection code |
|---|---|---|---|---|---|---|---|---|---|---|---|---|---|---|---|---|---|---|---|
| Central Library | Central Library | 21/09/2015 | Cen Lib/Ret | 100.00 | 954.01 चन्द्राअ | B-071695 | 21/09/2015 | 1 | 100.00 | 21/09/2015 | Hindi Books | ||||||||
| Central Library | Central Library | 17/02/2016 | Cen Lib/Ret | 100.00 | 6 | 954.01 चन्द्राअ | B-071694 | 09/02/2022 | 1 | 100.00 | 17/02/2016 | Hindi Books | 27/01/2022 | ||||||
| Patel Nagar | Patel Nagar | 25/10/2016 | Cen Lib/Ret | 100.00 | 2 | 954.01 चन्द्राअ | B-141342 | 06/05/2025 | 3 | 25/10/2016 | Hindi Books | 21/04/2025 | Dewey Decimal Classification | ||||||
| Qila Rai Pithora | Qila Rai Pithora | 14/12/2018 | आत्माराम एंड संस | 954.01 | 954.01 चन्द्राअ | B-141348 | 14/12/2018 | 100.00 | 14/12/2018 | Hindi Books | Dewey Decimal Classification | Non-fiction | |||||||
| Shahdara Branch | Shahdara Branch | 06/04/2019 | BPPD/PUB | 100.00 | 954.01 चन्द्राअ | B-071704 | 06/04/2019 | 100.00 | 06/04/2019 | Hindi Books | Dewey Decimal Classification | Non-fiction |
